| 000 | 00349 a2200121 4500 | ||
|---|---|---|---|
| 000 | nam a22 7a 4500 | ||
| 005 | 20260124162747.0 | ||
| 020 | _a9780253069252 | ||
| 100 |
_aJulie Wosk _91107658 |
||
| 245 | _aArtificial Women: Sex Dolls, Robot Caregivers, and More Facsimile Females | ||
| 260 |
_bIndiana University Press _c2024 |
||
| 942 | _cTEXL | ||
| 999 |
_c1672550 _d1672550 |
||